| 000 | 01316 a2200253 4500 | ||
|---|---|---|---|
| 999 |
_c10934 _d10934 |
||
| 020 | _a9781586485672 | ||
| 050 |
_aDS889.5 .PYL 2007 _b889..5 |
||
| 100 |
_aPyle, Kenneth B _eauthor |
||
| 245 |
_aJapan rising : the resurgence of Japanese power and purpose / Kenneth B. Pyle _cKenneth B. Pyle |
||
| 264 |
_aNew York : _bPublic Affairs, _cc2007 |
||
| 300 | _a xiv, 433 pages ; | ||
| 336 |
_2rdacontent _atext _btxt |
||
| 337 |
_2unmedited _aunmedited _bn |
||
| 338 |
_2rdacarrier _avolume _bnc |
||
| 440 | _a Century Foundation book | ||
| 500 | _aIncludes bibliographical references (p. [375]-420) and index | ||
| 505 | _aIntroduction : the Japan puzzle -- New international orders -- Japan's national style -- The world Japan entered -- Stature among nations -- The challenge of international liberalism -- Japan's abortive new order -- The Cold War opportunity -- The Yoshida doctrine as grand strategy -- The post-Cold War interval in East Asia -- Japan and the rise of China -- The prospect of a new East Asian order -- Epilogue : Japan's twenty-first-century resurgence | ||
| 650 | _aJapan Foreign relations -- 1945- | ||
| 650 | _aJapan Politics and government -- 1945- | ||
| 650 | _a Diplomatic relations | ||
| 651 | _aJapan | ||
| 700 |
_aKenneth B. Pyle, _eauthor |
||
| 942 |
_2lcc _cBK _h889.5 _iPYL _kDS |
||